000 00955nam a2200265Ia 4500
003 OSt
005 20221005105813.0
006 a|||||r|||| 00| 0
007 ta
008 221004b |||||||| |||| 00| 0 hin d
020 _a9788171382415 (hbk)
024 _a26476
037 _bGift, 06/05/2016,
_cTextual
040 _aCRL
_cCRL
_bhin
041 _2hin
_ahin
082 _aO152:g(Y15), Q2
100 _aगर्ग, संजय, संपा.
245 0 _aस्त्री विमर्श का कालजयी इतिहास
246 _aStrī vimarsha kā kālajayī itihāsa
260 _aनई दिल्ली
_bसामायिक प्रकाशन भारत
_c2012
300 _a255पृ0
_ccm.
650 _aहिन्दी साहित्य
942 _hO152:g(Y15), Q2
_cTEXL
_2cc
999 _c1016950
_d1016950